000 00387nam a2200157Ia 4500
008 230917s9999||||xx |||||||||||||| ||und||
040 _e81105
_aMAIN
041 _aEnglish
082 _a346.08611 I1F(2)
100 _aIvamy, E R Hardy
245 0 _aFire and motor insurance
250 _a2nd ed.
260 _aLondon
_bButterworths
_c1973
300 _axxxviii, 498 p.
942 _cBK
999 _c187827
_d187827